| 000 | 00531cam a2200193ua 4500 | ||
|---|---|---|---|
| 003 | OSt | ||
| 008 | 250211b |||||||| |||| 00| 0 eng d | ||
| 020 | _a81 85240 48 5 | ||
| 041 | _aeng | ||
| 082 |
_a627.52 _bVAR/TH |
||
| 100 |
_aVarshney, R.S. _96410 |
||
| 245 |
_aTheory and design of irrigation structures _bVolume 2: Canal and Storage Works |
||
| 250 | _a6 / | ||
| 260 |
_aRoorkee : _bNem Chand And Bros , _c1993. |
||
| 300 | _a784 ; . | ||
| 700 | 1 |
_aGupta, R L . _96411 |
|
| 700 | 1 |
_aGupta, S.C. _91448 |
|
| 942 | _cBK | ||
| 999 |
_c10385 _d10385 |
||